Футбольные клубы, в которых играл Дидье Дрогба - Statistics

General Stats
  • This quiz has been taken 33 times
  • The average score is 3 of 9
Answer Stats
# Футбольный клуб % Correct
2004—2012 Челси
100%
2014—2015 Челси
100%
2003—2004 Олимпик Марсель
57%
2013—2014 Галатасарай
47%
2015—2016 Монреаль Импакт
20%
2012—2013 Шанхай Шэньхуа
13%
1998—2002 Ле-Ман
3%
2002—2003 Генгам
3%
2017—2018 Финикс Райзинг
0%
No matching quizzes found
Score Distribution
Percent of People with Each Score
Percentile by Number Answered
Your Score History
You have not taken this quiz